000 00607nam a22001457a 4500
082 _a200
100 _a ULLAH KIFAYAT
_9124521
245 _aNTEGRATING EDUCATION MANAGEMENT STRATEGY AND TECHNOLOGY TO DEVELOP A FRAMEWORK FOR SUCCESSFUL IMPLEMENTATION OF TECHNOLOGY ENHANCED LEARNING IN HIGHER EDUCATION/
_cKIFAYAT ULLAH
260 _aRawalpindi:
_bNUST COLLEGE OF EME:
_c2019.
300 _a215,p;
_bill;
_c30,cm.
650 _aPHD ENGINEERING MANAGEMENT
_9124516
700 _aSupervisor: Dr. Muhammad Tahir Nawaz
_969856
856 _uhttp://10.250.8.41:8080/xmlui/handle/123456789/21000
942 _cSC
_2ddc
999 _c577343
_d577343